000 00533nam a2200157Ia 4500
003 IN-BaIIA
008 211028s9999 xx 000 0 eng d
040 _cIIA Library
080 _a530.12(063)
_bJAD
110 _aJadavpur University
_920484
245 0 _aInstrutional workshop on the advanced aspects of general relativity
_bvol 1
_cJadavpur University
260 _aCalcutta
_bJadavpur University
_c1989
300 _a[various pagings.]
650 _aGeneral Relativity
_93824
942 _cBK
999 _c11802
_d11802